| 000 | 00831cab a2200217 4500 | ||
|---|---|---|---|
| 001 | WB3243-34 | ||
| 008 | 090401t1996 xxu||||| |||| 00| 0 eng d | ||
| 035 | _a(Sirsi) u50316 | ||
| 041 | _aeng | ||
| 245 | _aVictory for tenants | ||
| 260 | _c1996 | ||
| 350 | _a0 | ||
| 490 |
_aProperty Week _v54(7) 15 November 1996, 8(1) |
||
| 520 | _aFollowing a recent CA decision, tenants who move out of premises whilst continuing to pay rent until the lease expires can leave without serving notice under Landlord and Tenant Act 1954 s27. (See Pearl Assurance plc v Esselte AB WB3243-37). Overturns "Long Acre Securities v Electro Acoustic". | ||
| 650 | _aLANDLORD AND TENANT ACT 1954 S27 | ||
| 650 | _aNOTICE | ||
| 650 | _aUNEXPIRED LEASE | ||
| 690 | _aLANDLORD AND TENANT-BUSINESS TENANCIES | ||
| 942 | _n0 | ||
| 948 | _c04/03/1997 | ||
| 999 |
_c31401 _d31401 |
||